000 01382cam a2200373 i 4500
001 768714001
003 CO-MdFUSB
005 20240531062739.0
008 160802t2004 sp ||||g |||| 00| 0 spa d
020 _a978-84-301-1541-9
040 _aCO-MdFUSB
_bEspañol
_cCO-MdFUSB
_dCO-MdFUSB
_erda
041 _aspa
082 _224
_aG 231.6
_bB197s
100 1 _aBalthasar, Hans Urs von,
_d1905-1988
_eautor
245 1 0 _aSólo el amor es digno de fe
_b / Hans Urs Von Balthasar ; traducido por: Ángel Cordovilla Pérez
_c/
250 _aTercera edición
264 1 _aSalamanca, España :
_bSígueme,
_c[2004]
264 _c©2004
300 _a158 páginas
_b19 cm.
_c;
336 _2rdacontent
337 _2rdamedia
338 _2rdacarrier
490 _aVerdad e Imagen Minor ;
490 _aTeología
500 _aTítulo original en alemán: Glaubhaft ist nur Liebe
501 _aRústico
505 0 0 _aLa reducción cosmológica -- La reducción antropológica -- El tercer camino: el amor -- El rechazo del amor -- La perceptibilidad del amor -- El amor como justificación y fe -- El amor como acción -- El amor como forma -- El amor como luz del mundo.
650 7 _9256
_aDios
_xAmor
650 7 _aAmor
_xAspectos religiosos
_vCristianismo
_9255
650 7 _aCristianismo
_2
_922
653 _aAmor -- Teología
942 _cBK
945 _ajohan1477
999 _c45020
_d45020